MARC

LEADER 00000nam0a2200000 4500
001 297448
005 20231102001017.0
035 |a (RuTPU)RU\TPU\book\322581 
090 |a 297448 
100 |a 20150608d1970 k y0rusy50 ca 
101 0 |a rus 
102 |a RU 
105 |a a z 001zy 
200 1 |a Позднеплиоценовые мелкие млекопитающие Аккулаевского месторождения в Башкирии  |f В. П. Сухов  |g Академия наук СССР (АН СССР), Башкирский филиал (БФ), Институт геологии (ИГ) 
210 |a Москва  |c Наука  |d 1970 
215 |a 94 с.  |c ил. 
320 |a Библиогр.: с. 92-93. 
606 1 |a Млекопитающие ископаемые  |2 stltpush  |3 (RuTPU)RU\TPU\subj\44131  |9 63504 
606 1 |a Плиоценовые отложения  |2 stltpush  |3 (RuTPU)RU\TPU\subj\49246  |9 68047 
610 1 |a Башкирия 
610 1 |a стратиграфия 
610 1 |a отложения 
610 1 |a фауна 
675 |a 569  |v 4 
675 |a 551.782.2  |v 4 
700 1 |a Сухов  |b В. П.  |g Владимир Павлович 
712 0 2 |a Академия наук СССР (АН СССР)  |b Башкирский филиал (БФ)  |b Институт геологии (ИГ)  |c (Уфа)  |c (1968-1988)  |2 stltpush  |3 (RuTPU)RU\TPU\col\10647 
801 1 |a RU  |b 63413507  |c 20150608 
801 2 |a RU  |b 63413507  |c 20190529  |g RCR 
942 |c BK